000 00912nam a2200289 a 4500
001 26760
003 CO-ViMGA
005 20230915232204.0
008 141112s2004 ck r 000 u spa d
015 _ack - 2004 - xxxx
020 _a9583016381
035 _aAHY9111 LA
040 _aCO-ViMGA
_bspa
_cCO-ViMGA
041 _aspa
043 _as - ck - - -
090 _aC PULt
100 1 _aPulgarín Ceballos, Luis Carlos.
_941428
245 1 0 _aLa trágica historia de amor del gato Romeo y Julieta... la ratona /
_cLuis Carlos Pulgarín Ceballos ; ilustraciones Juanita Isaza.
250 _aEdición Adriana Paola Forero Ospina.
260 _aBogotá :
_bPanAméricana Editorial,
_c2004.
300 _a103 p. : il. ; 21 cm.
490 _aCorcel. Cuento
650 1 4 _aCuentos infantiles colombianos.
_92369
700 1 _aIsaza, Juanita, il.
_941429
942 _2ddc
_cBK
949 _ac c
999 _c33504
_d33504